Normal view
MARC view
Entry Personal Name
001 - CONTROL NUMBER
- control field: 67613
003 - CONTROL NUMBER IDENTIFIER
- control field: dpl
005 - DATE AND TIME OF LATEST TRANSACTION
- control field: 20240620122257.0
008 - FIXED-LENGTH DATA ELEMENTS
- fixed length control field: 240620|| aca||aabn | a|a d
040 ## - CATALOGING SOURCE
- Original cataloging agency: dpl
- Transcribing agency: dpl
100 ## - HEADING--PERSONAL NAME
- Personal name: Mahajan, Shals
670 ## - SOURCE DATA FOUND
- Source citation: Work cat.: (dpl)95154: Shah, Chayanika 67611, No outlaws in the gender galaxy/, 2015
